| 000 | 00624nam a2200181Ia 4500 | ||
|---|---|---|---|
| 008 | 151018s9999 xx 000 0 und d | ||
| 082 |
_bRBASDV50752 _a891.433 |
||
| 100 | _aश्रीनिवास आर्य | ||
| 245 | _aव्रज कि लोक कथाएँ | ||
| 250 | _b1 | ||
| 260 |
_bकिरण प्रकाशन _c2007 |
||
| 300 | _a52 | ||
| 600 | _aश्रीनिवास आर्य | ||
| 630 | _aव्रज कि लोक कथाएँ | ||
| 700 | _aश्रीनिवास आर्य | ||
| 730 | _aव्रज कि लोक कथाएँ | ||
| 942 | _cBOOK | ||
| 999 |
_c1049708 _d1049705 |
||